[Event "Open Qualif. Semifinale CIA"]
[Site "Saint Vincent ITA"]
[Date "2008.07.24"]
[Round "6"]
[White "PEGORARO, Nicola"]
[Black "CARESANA, Alessandro"]
[Result "1/2-1/2"]
[WhiteElo "2021"]
[BlackElo "2043"]
[PlyCount "81"]
[EventDate "2008.07.19"]
[Source "www.chesslib.no"]
[SourceDate "2004.05.04"]

1. e4 e5 2. f4 exf4 3. Nf3 Nf6 4. d4 Nxe4 5. Bd3 d5 6. O-O Bd6 7. c4 c6 8. cxd5 cxd5 9. Qb3 Be6 10. Qxb7 Nd7 11. Bxe4 dxe4 12. Qxe4 O-O 13. Ne5 Nxe5 14. dxe5 Bc5+ 15. Kh1 Bd5 16. Qxf4 Rb8 17. Nc3 Rb4 18. Qd2 Rd4 19. Qc2 Bc4 20. Ne2 Rg4 21. Rf4 Qh4 22. Bd2 Bxe2 23. Rxg4 Qxg4 24. Qxc5 Re8 25. Qe3 Rd8 26. Bc3 Rd3 27. Qxa7 h5 28. Qf2 Bd1 29. h3 Qe4 30. Kg1 h4 31. a4 Bxa4 32. Re1 Qd5 33. Qxh4 Bc6 34. Qg4 Qc5+ 35. Kh2 Bf3 36. gxf3 Rxc3 37. bxc3 Qf2+ 38. Qg2 Qxe1 39. Qc2 Qxe5+ 40. Kg2 Qg5+ 41. Kf1 1/2-1/2

[Event "WYCC 2008 U14 girls"]
[Site "Vung Tau City VIE"]
[Date "2008.10.22"]
[Round "3.6"]
[White "Kats, Alena"]
[Black "Mohana, Priya J"]
[Result "1/2-1/2"]
[WhiteElo "1981"]
[BlackElo "2073"]
[PlyCount "132"]
[EventDate "2008.10.20"]
[Source "www.chesslib.no"]
[SourceDate "2004.05.04"]

1. e4 e5 2. f4 exf4 3. Nf3 Nf6 4. e5 Nh5 5. Be2 g5 6. O-O Rg8 7. d4 g4 8. Ne1 f3 9. Bxf3 d5 10. Qd3 Rg6 11. g3 Be6 12. Be2 Nc6 13. Ng2 Be7 14. Bf4 Qd7 15. Ne3 O-O-O 16. c3 Rdg8 17. Nd2 Nxf4 18. gxf4 f5 19. exf6 Rxf6 20. f5 Bf7 21. b4 Bd6 22. Rf2 Ne7 23. Raf1 h5 24. Rg2 c6 25. a4 g3 26. h3 Qc7 27. Nf3 Bf4 28. Nh4 Bg5 29. Nf3 Bxe3+ 30. Qxe3 Nxf5 31. Qe5 Qxe5 32. Nxe5 Be6 33. Bxh5 Rh6 34. Bg4 Ne3 35. Nf7 Nxf1 36. Nxh6 Rg6 37. Bxe6+ Rxe6 38. Kxf1 Rxh6 39. Rxg3 a5 40. bxa5 Kb8 41. Kg2 Ka7 42. Rg7 Ka6 43. Kg3 Re6 44. Kf4 Re4+ 45. Kg5 Re3 46. h4 Rg3+ 47. Kf6 Rh3 48. Rg4 Kxa5 49. Kg6 Kxa4 50. h5 Kb3 51. h6 Kxc3 52. h7 b5 53. Rf4 Rxh7 54. Kxh7 b4 55. Kg6 b3 56. Kf5 b2 57. Rf3+ Kc2 58. Rf2+ Kc3 59. Rf3+ Kxd4 60. Rb3 c5 61. Rxb2 c4 62. Rd2+ Ke3 63. Rxd5 c3 64. Rc5 Kd2 65. Ke4 c2 66. Rd5+ Ke2 1/2-1/2

[Event "Regionalliga NW 0203"]
[Site "?"]
[Date "2003.02.23"]
[Round "7.4"]
[White "Jahrsdoerfer Gerd"]
[Black "Vogt Thomas"]
[Result "1/2-1/2"]
[WhiteElo "2061"]
[BlackElo "1986"]
[PlyCount "51"]
[EventDate "2003.??.??"]
[Source "www.chesslib.no"]
[SourceDate "2004.05.04"]

1. e4 e5 2. f4 exf4 3. Nf3 Nf6 4. e5 Nh5 5. d4 d6 6. Qe2 d5 7. c4 Be6 8. Bd2 Nc6 9. Nc3 Bb4 10. Nxd5 Bxd5 11. cxd5 Qxd5 12. O-O-O O-O-O 13. Bxb4 Nxb4 14. Qc4 Qxc4+ 15. Bxc4 Nd5 16. Ng5 Rhf8 17. Be2 g6 18. Bg4+ Kb8 19. Bxh5 gxh5 20. Rd2 h6 21. Nh3 Rg8 22. Rf1 Rg4 23. Rdf2 Ne3 24. Re1 Nxg2 25. Ree2 Rdg8 26. d5 1/2-1/2

[Event "Corr"]
[Site "?"]
[Date "2002.12.03"]
[Round "?"]
[White "Grobler David J"]
[Black "Kunakov Oleg"]
[Result "1/2-1/2"]
[WhiteElo "1969"]
[BlackElo "2008"]
[PlyCount "87"]
[EventDate "2002.??.??"]
[Source "www.chesslib.no"]
[SourceDate "2004.05.04"]

1. e4 e5 2. f4 exf4 3. Nf3 Nf6 4. e5 Nh5 5. d4 d6 6. Qe2 d5 7. c4 Be6 8. cxd5 Bxd5 9. Nc3 Bb4 10. Bd2 Bxc3 11. bxc3 O-O 12. c4 Bxf3 13. Qxf3 Qxd4 14. Bc3 Qc5 15. g4 fxg3 16. hxg3 g6 17. g4 Ng7 18. Qh3 h5 19. gxh5 g5 20. h6 Ne6 21. h7+ Kh8 22. Rd1 Nc6 23. Qf3 Qe7 24. Rd5 Rfd8 25. Qf6+ Qxf6 26. exf6 Ncd4 27. Kf2 c6 28. Re5 Rd6 29. Bg2 Rb8 30. c5 Rd7 31. Bh3 Rd5 32. Bxd4 Nxd4 33. Re7 Rxc5 34. Rxf7 Rc2+ 35. Ke3 c5 36. Rc7 Re8+ 37. Kd3 b6 38. Rf1 Rh2 39. Bd7 Rxh7 40. Bxe8 Rxc7 41. f7 Ne6 42. f8=Q+ Nxf8 43. Rxf8+ Kh7 44. Rf2 1/2-1/2